[Event "HUN-chT2 Toth 1819"]
[Site "Hungary"]
[Date "2019.03.31"]
[Round "10.9"]
[White "Marton, Attila"]
[Black "Retkes, Sandor"]
[Result "1/2-1/2"]
[WhiteElo "1816"]
[BlackElo "1896"]
[PlyCount "45"]
[EventDate "2018.09.23"]
[EventType "team-tourn"]
[EventRounds "11"]
[EventCountry "HUN"]
[SourceTitle "EXT 2021"]
[Source "ChessBase"]
[SourceDate "2020.10.23"]
[SourceVersion "1"]
[SourceVersionDate "2020.10.23"]
[SourceQuality "1"]
[WhiteTeam "Kecskemet Takisz"]
[BlackTeam "Szeged Meritum"]
[WhiteTeamCountry "HUN"]
[BlackTeamCountry "HUN"]

1. c4 g6 2. Nc3 Bg7 3. g3 d6 4. Bg2 c6 5. d3 Nd7 6. Bd2 Ngf6 7. Qc2 Rb8 8. a4 Nc5 9. b4 Ne6 10. Nf3 Ng4 11. h3 Nf6 12. 0-0 Nd7 13. Rab1 0-0 14. Qc1 Re8 15. g4 Nf6 16. Nh2 c5 17. b5 b6 18. Bh6 Bh8 19. Bc6 Bd7 20. Bg2 Bc8 21. Bc6 Bd7 22. Bg2 Bc8 23. Bc6 1/2-1/2

[Event "HUN-chT2 Toth 1819"]
[Site "Hungary"]
[Date "2018.10.07"]
[Round "2.7"]
[White "Retkes, Sandor"]
[Black "Csipai, Levente"]
[Result "1-0"]
[WhiteElo "1896"]
[BlackElo "1897"]
[PlyCount "69"]
[EventDate "2018.09.23"]
[EventType "team-tourn"]
[EventRounds "11"]
[EventCountry "HUN"]
[SourceTitle "EXT 2021"]
[Source "ChessBase"]
[SourceDate "2020.10.23"]
[SourceVersion "1"]
[SourceVersionDate "2020.10.23"]
[SourceQuality "1"]
[WhiteTeam "Szeged Meritum"]
[BlackTeam "Szentes Integral"]
[WhiteTeamCountry "HUN"]
[BlackTeamCountry "HUN"]

1. d4 d5 2. Bf4 Nf6 3. Nf3 e6 4. Nbd2 c5 5. e3 Qb6 6. Rb1 Nc6 7. c3 Bd7 8. Ne5 Qa5 9. a3 c4 10. Be2 Be7 11. h4 b5 12. Bh5 g6 13. Bf3 Qd8 14. g4 Ng8 15. e4 Nxe5 16. Bxe5 f6 17. Bg3 Bc6 18. Qe2 Kf7 19. Bg2 h6 20. f4 Qd7 21. 0-0 h5 22. f5 exf5 23. exf5 hxg4 24. Qxg4 gxf5 25. Rxf5 Rd8 26. Rbf1 Nh6 27. Qh5+ Kg7 28. Rg5+ Kf8 29. Qg6 Nf7 30. Be5 Nxg5 31. hxg5 Qe8 32. Rxf6+ Bxf6 33. Qxf6+ Qf7 34. Qxh8+ Qg8 35. Qf6+ 1-0

[Event "HUN-chT2 Toth 1819"]
[Site "Hungary"]
[Date "2018.09.23"]
[Round "1.2"]
[White "Sandor, Peter"]
[Black "Retkes, Sandor"]
[Result "0-1"]
[WhiteElo "1938"]
[BlackElo "1896"]
[PlyCount "90"]
[EventDate "2018.09.23"]
[EventType "team-tourn"]
[EventRounds "11"]
[EventCountry "HUN"]
[SourceTitle "EXT 2021"]
[Source "ChessBase"]
[SourceDate "2020.10.23"]
[SourceVersion "1"]
[SourceVersionDate "2020.10.23"]
[SourceQuality "1"]
[WhiteTeam "Bekes"]
[BlackTeam "Szeged Meritum"]
[WhiteTeamCountry "HUN"]
[BlackTeamCountry "HUN"]

1. e4 g6 2. d4 Bg7 3. c3 d6 4. f4 a6 5. Nf3 c6 6. Bd3 b5 7. 0-0 Nd7 8. f5 gxf5 9. exf5 Ngf6 10. Nbd2 Bb7 11. Ne4 Nxe4 12. Bxe4 Nf6 13. Bc2 h6 14. Qe2 Rg8 15. c4 Qc7 16. Re1 Bf8 17. Bb3 c5 18. Be3 Ng4 19. Bf4 Nf6 20. cxb5 cxd4 21. Nh4 Qb6 22. Rad1 Ng4 23. Rd3 Nf6 24. Bxh6 Be4 25. Bxf8 Kxf8 26. Kh1 Ra7 27. Rg3 Rxg3 28. hxg3 axb5 29. Qd2 d5 30. Qh6+ Ke8 31. g4 Qc7 32. g5 Ng4 33. Qh8+ Kd7 34. Nf3 Bxf3 35. gxf3 Qg3 36. fxg4 Qxe1+ 37. Kg2 Qe2+ 38. Kg3 Qe3+ 39. Kg2 Rc7 40. Qb8 Qe2+ 41. Kg3 Qe1+ 42. Kg2 Qe4+ 43. Kg3 Qe5+ 44. Kg2 Rc2+ 45. Bxc2 Qxb8 0-1

[Event "HUN-chT2 Toth 1718"]
[Site "Hungary"]
[Date "2018.05.06"]
[Round "11.8"]
[White "Retkes, Sandor"]
[Black "Gomori, Mihaly"]
[Result "1-0"]
[WhiteElo "1885"]
[BlackElo "1880"]
[PlyCount "71"]
[EventDate "2017.09.24"]
[EventType "team-tourn"]
[EventRounds "11"]
[EventCountry "HUN"]
[SourceTitle "EXT 2021"]
[Source "ChessBase"]
[SourceDate "2020.10.23"]
[SourceVersion "1"]
[SourceVersionDate "2020.10.23"]
[SourceQuality "1"]
[WhiteTeam "Szeged Meritum"]
[BlackTeam "Kecskemet Takisz"]
[WhiteTeamCountry "HUN"]
[BlackTeamCountry "HUN"]

1. d4 d5 2. Bf4 Nc6 3. Nf3 Nf6 4. e3 g6 5. h3 Bg7 6. c3 0-0 7. Bd3 e6 8. Nbd2 Ne7 9. Bc2 b6 10. Ne5 c5 11. Qf3 Nh5 12. Bh2 Nf6 13. g4 Nd7 14. Qg2 cxd4 15. exd4 Nxe5 16. Bxe5 Bxe5 17. dxe5 Qc7 18. Qg3 Bb7 19. 0-0 b5 20. Rac1 Nc6 21. Rfe1 Rae8 22. Nf3 Qe7 23. g5 Rd8 24. Nh2 d4 25. Ng4 d3 26. Nf6+ Kh8 27. Bxd3 h5 28. Bxb5 Kg7 29. Rcd1 Qc5 30. Ba4 Rxd1 31. Bxd1 Rd8 32. Bf3 Rd3 33. Qf4 Qb5 34. Ne8+ Kf8 35. Nd6 Rxf3 36. Qxf3 1-0

[Event "HUN-chT2 Toth 1617"]
[Site "Hungary"]
[Date "2017.03.12"]
[Round "10.7"]
[White "Palotai, Bendeguz"]
[Black "Retkes, Sandor"]
[Result "1-0"]
[WhiteElo "1831"]
[BlackElo "1903"]
[PlyCount "25"]
[EventDate "2016.09.25"]
[EventType "team-tourn"]
[EventRounds "11"]
[EventCountry "HUN"]
[SourceTitle "EXT 2021"]
[Source "ChessBase"]
[SourceDate "2020.10.23"]
[SourceVersion "1"]
[SourceVersionDate "2020.10.23"]
[SourceQuality "1"]
[WhiteTeam "Kecskemet Toth Laszlo II"]
[BlackTeam "Szeged Meritum"]
[WhiteTeamCountry "HUN"]
[BlackTeamCountry "HUN"]

1. e4 g6 2. d4 Bg7 3. Nc3 a6 4. a4 b6 5. f4 Bb7 6. Nf3 d6 7. Bc4 Nd7 8. 0-0 Ngf6 9. e5 Ng4 10. Bxf7+ Kxf7 11. Ng5+ Kg8 12. Qxg4 Rc8 13. Qe6+ 1-0

[Event "HUN-chT2 Toth 1617"]
[Site "Hungary"]
[Date "2016.10.09"]
[Round "2.6"]
[White "Hajdu, Istvan"]
[Black "Retkes, Sandor"]
[Result "1-0"]
[WhiteElo "1995"]
[BlackElo "1903"]
[PlyCount "35"]
[EventDate "2016.09.25"]
[EventType "team-tourn"]
[EventRounds "11"]
[EventCountry "HUN"]
[SourceTitle "EXT 2021"]
[Source "ChessBase"]
[SourceDate "2020.10.23"]
[SourceVersion "1"]
[SourceVersionDate "2020.10.23"]
[SourceQuality "1"]
[WhiteTeam "Szentes Integral"]
[BlackTeam "Szeged Meritum"]
[WhiteTeamCountry "HUN"]
[BlackTeamCountry "HUN"]

1. e4 c5 2. Nf3 d5 3. exd5 Qxd5 4. Nc3 Qe6+ 5. Be2 Nc6 6. 0-0 h5 7. d4 cxd4 8. Nb5 Qd7 9. Bf4 g5 10. Ne5 Nxe5 11. Bxe5 Rh6 12. Nc7+ Kd8 13. Bb5 Qf5 14. Qxd4+ Rd6 15. Bxd6 exd6 16. Bd3 Qd7 17. Nxa8 b6 18. Qh8 1-0

[Event "HUN-chT2 Toth 1516"]
[Site "Hungary"]
[Date "2015.11.29"]
[Round "5.2"]
[White "Retkes, Sandor"]
[Black "Egyed, Gabor"]
[Result "1-0"]
[WhiteElo "1907"]
[BlackElo "2105"]
[PlyCount "63"]
[EventDate "2015.09.13"]
[EventType "team-tourn"]
[EventRounds "11"]
[EventCountry "HUN"]
[SourceTitle "CBM 170 Extra"]
[Source "ChessBase"]
[SourceDate "2016.02.25"]
[SourceVersion "1"]
[SourceVersionDate "2016.02.25"]
[SourceQuality "1"]
[WhiteTeam "Roszke"]
[BlackTeam "Karcag"]
[WhiteTeamCountry "HUN"]
[BlackTeamCountry "HUN"]

1. d4 Nf6 2. c4 c5 3. e3 g6 4. Nc3 Bg7 5. Bd3 Nc6 6. Nge2 cxd4 7. exd4 d5 8. 0-0 0-0 9. Be3 Nb4 10. Bb1 dxc4 11. Qa4 a5 12. Qb5 Qc7 13. a3 Bd7 14. Qg5 h6 15. Qe5 Nbd5 16. Bf4 Qc6 17. Be4 Be6 18. Bxd5 Bxd5 19. f3 e6 20. Bxh6 Bxh6 21. Qxf6 Bg7 22. Qg5 Rfd8 23. Rad1 Qb6 24. Rd2 Bc6 25. Rfd1 e5 26. Kh1 exd4 27. Nf4 Bh6 28. Qxh6 dxc3 29. Nxg6 f6 30. Qh8+ Kf7 31. Qh7+ Ke6 32. Re1+ 1-0

[Event "HUN-chT2 Toth 1516"]
[Site "Hungary"]
[Date "2015.09.26"]
[Round "2.2"]
[White "Czegledi, Laszlo"]
[Black "Retkes, Sandor"]
[Result "1-0"]
[WhiteElo "2175"]
[BlackElo "1907"]
[PlyCount "55"]
[EventDate "2015.09.13"]
[EventType "team-tourn"]
[EventRounds "11"]
[EventCountry "HUN"]
[SourceTitle "CBM 170 Extra"]
[Source "ChessBase"]
[SourceDate "2016.02.25"]
[SourceVersion "1"]
[SourceVersionDate "2016.02.25"]
[SourceQuality "1"]
[WhiteTeam "Ujszasz"]
[BlackTeam "Roszke"]
[WhiteTeamCountry "HUN"]
[BlackTeamCountry "HUN"]

1. e4 d5 2. exd5 Qxd5 3. Nc3 Qa5 4. d4 Nf6 5. Nf3 c6 6. Bc4 Bg4 7. h3 Bh5 8. g4 Bg6 9. Ne5 e6 10. Bd2 Qd8 11. Qe2 Be7 12. 0-0-0 b5 13. Bb3 a5 14. a4 b4 15. Nb1 Nd5 16. f4 Qc8 17. Rde1 Bh4 18. f5 Bxe1 19. Rxe1 exf5 20. Nxg6+ Qe6 21. Nxh8 Qxe2 22. Rxe2+ Kf8 23. c4 Nf6 24. g5 Ne4 25. c5 Ra7 26. Nxf7 Rxf7 27. Bxf7 Kxf7 28. Bf4 1-0

[Event "HUN-chT2 Toth 1516"]
[Site "Hungary"]
[Date "2015.09.13"]
[Round "1.2"]
[White "Retkes, Sandor"]
[Black "Szasz, Janos"]
[Result "0-1"]
[WhiteElo "1907"]
[BlackElo "2107"]
[PlyCount "108"]
[EventDate "2015.09.13"]
[EventType "team-tourn"]
[EventRounds "11"]
[EventCountry "HUN"]
[SourceTitle "CBM 170 Extra"]
[Source "ChessBase"]
[SourceDate "2016.02.25"]
[SourceVersion "1"]
[SourceVersionDate "2016.02.25"]
[SourceQuality "1"]
[WhiteTeam "Roszke"]
[BlackTeam "Bekes"]
[WhiteTeamCountry "HUN"]
[BlackTeamCountry "HUN"]

1. d4 d5 2. Nc3 Nf6 3. Bf4 g6 4. Nf3 Bg7 5. h3 0-0 6. e3 Bf5 7. Bd3 Bxd3 8. cxd3 Na6 9. 0-0 c5 10. Be5 cxd4 11. Nxd4 Nc5 12. Nf3 Rc8 13. Rc1 Qd7 14. b4 Na6 15. Qb3 Rfd8 16. Rc2 Qf5 17. d4 Nxb4 18. Rd2 Nc6 19. Qxb7 Nxe5 20. dxe5 Rxc3 21. exf6 Bxf6 22. Qxa7 Rdc8 23. Nd4 Qg5 24. Nf3 Qf5 25. Nd4 Qe4 26. Qb7 R3c7 27. Qb6 Rc4 28. Qb7 Kg7 29. Nb3 e6 30. Rfd1 g5 31. Nd4 h5 32. a4 g4 33. hxg4 hxg4 34. Ne2 Be5 35. Nd4 Bb8 36. Re1 g3 37. a5 Rc1 38. Nf3 Rxe1+ 39. Nxe1 Rh8 40. Qb2+ Be5 41. Qc2 gxf2+ 42. Kxf2 Qg4 43. Nf3 Qg3+ 44. Kg1 Bf6 45. Re2 Qb8 46. Qd3 Qa8 47. a6 e5 48. Qb5 Rb8 49. Qa4 e4 50. Nd4 Rb1+ 51. Kf2 Qh8 52. Nf5+ Kg6 53. Qd7 Qh1 54. Kg3 Be5+ 0-1

[Event "HUN-chT2 Toth 1415"]
[Site "Hungary"]
[Date "2015.02.08"]
[Round "8.6"]
[White "Ginguta, Gheorghe"]
[Black "Retkes, Sandor"]
[Result "1-0"]
[WhiteElo "2110"]
[BlackElo "1884"]
[PlyCount "73"]
[EventDate "2014.09.07"]
[EventType "team-tourn"]
[EventRounds "11"]
[EventCountry "HUN"]
[SourceTitle "EXT 2016"]
[Source "ChessBase"]
[SourceDate "2015.10.08"]
[SourceVersion "1"]
[SourceVersionDate "2015.10.08"]
[SourceQuality "1"]
[WhiteTeam "Gyula"]
[BlackTeam "Roszke"]
[WhiteTeamCountry "HUN"]
[BlackTeamCountry "HUN"]

1. e4 c5 2. Nf3 d6 3. d4 cxd4 4. Nxd4 Nf6 5. Nc3 g6 6. f3 Bg7 7. Be3 Bd7 8. Qd2 Nc6 9. 0-0-0 0-0 10. g4 a5 11. h4 h5 12. gxh5 Nxh5 13. Rg1 Kh7 14. Nd5 Nb4 15. Kb1 Nxd5 16. exd5 e5 17. dxe6 Bxe6 18. Nxe6 fxe6 19. Bd3 Qf6 20. Bxg6+ Kh8 21. c3 a4 22. Bxh5 Qf5+ 23. Kc1 Qxh5 24. Rg5 Qxf3 25. Rdg1 Rf7 26. R5g3 Qh5 27. Qg2 Qh7 28. a3 Raf8 29. h5 Qd3 30. Bf4 Qh7 31. h6 Be5 32. Bxe5+ dxe5 33. Qe2 Rf2 34. Qxe5+ R2f6 35. Rg6 Qf7 36. h7 b6 37. Rg8+ 1-0

[Event "HUN-chT2 Toth 1314"]
[Site "Hungary"]
[Date "2014.02.16"]
[Round "7.5"]
[White "Tamas, Kornel"]
[Black "Retkes, Sandor"]
[Result "1-0"]
[WhiteElo "1985"]
[BlackElo "1899"]
[PlyCount "59"]
[EventDate "2013.09.08"]
[EventType "team-tourn"]
[EventRounds "11"]
[EventCountry "HUN"]
[SourceTitle "EXT 2016"]
[Source "ChessBase"]
[SourceDate "2015.10.08"]
[SourceVersion "1"]
[SourceVersionDate "2015.10.08"]
[SourceQuality "1"]
[WhiteTeam "Gyula"]
[BlackTeam "Roszke"]
[WhiteTeamCountry "HUN"]
[BlackTeamCountry "HUN"]

1. d4 c5 2. d5 e5 3. g3 d6 4. e4 f5 5. exf5 Bxf5 6. Bg2 Nf6 7. Nc3 Nbd7 8. Nge2 Be7 9. 0-0 0-0 10. h3 a6 11. a4 Rc8 12. f4 Bg6 13. fxe5 Nxe5 14. Nf4 Bf7 15. Qe2 Re8 16. Ne4 Ng6 17. Ng5 Nxf4 18. Bxf4 Bf8 19. Qd2 Qb6 20. g4 Bg6 21. Ne6 Be7 22. c3 c4+ 23. Be3 Qa5 24. Qd4 Bf7 25. g5 Bxe6 26. gxf6 Bxf6 27. Rxf6 gxf6 28. dxe6 b5 29. Qxf6 Qc7 30. Bd4 1-0

[Event "HUN-chT2 Toth 1314"]
[Site "Hungary"]
[Date "2013.11.17"]
[Round "5.4"]
[White "Retkes, Sandor"]
[Black "Andriska, Zsolt"]
[Result "0-1"]
[WhiteElo "1899"]
[BlackElo "2013"]
[PlyCount "118"]
[EventDate "2013.09.08"]
[EventType "team-tourn"]
[EventRounds "11"]
[EventCountry "HUN"]
[SourceTitle "EXT 2016"]
[Source "ChessBase"]
[SourceDate "2015.10.08"]
[SourceVersion "1"]
[SourceVersionDate "2015.10.08"]
[SourceQuality "1"]
[WhiteTeam "Roszke"]
[BlackTeam "Toth Laszlo II"]
[WhiteTeamCountry "HUN"]
[BlackTeamCountry "HUN"]

1. d4 d5 2. g3 e6 3. Bg2 c6 4. Nf3 f5 5. 0-0 Nf6 6. Nbd2 Bd6 7. c4 0-0 8. Ne5 Nbd7 9. f4 Ne4 10. Nxe4 fxe4 11. Qc2 Nf6 12. b3 Qe8 13. a4 Qe7 14. Rb1 c5 15. e3 b6 16. Bd2 Bb7 17. a5 Rac8 18. Qa2 g5 19. a6 Ba8 20. f5 Nd7 21. Ng4 h5 22. fxe6 Qxe6 23. Nf2 cxd4 24. cxd5 Bxd5 25. Qb2 dxe3 26. Bxe3 Bc5 27. Qd2 g4 28. Bxc5 Rxc5 29. Qg5+ Kh7 30. Qxh5+ Qh6 31. Qxg4 Nf6 32. Qe2 Qg6 33. Nh3 Bc6 34. Nf4 Qe8 35. Rfe1 Qe5 36. b4 Qd4+ 37. Kh1 Re5 38. b5 Bd7 39. Red1 Qa4 40. Qe3 Bxb5 41. Rd4 Qxa6 42. Bxe4+ Rxe4 43. Qc3 Rxd4 44. Qxd4 Bc6+ 45. Kg1 Qc8 46. Ra1 Bb7 47. Qd3+ Be4 48. Rxa7+ Kh6 49. Qd2 Qc5+ 50. Kf1 Ng4 51. Rd7 Ne3+ 52. Ke2 Rxf4 53. gxf4 Nf5 54. Kf1 Qb5+ 55. Kf2 Qc5+ 56. Kf1 Bc6 57. Rd8 Bb5+ 58. Kg2 Ne3+ 59. Kg3 Nf1+ 0-1

[Event "HUN-chT2 Toth 1213"]
[Site "Hungary"]
[Date "2012.12.02"]
[Round "5.8"]
[White "Retkes, Sandor"]
[Black "Zsiros, Laszlo"]
[Result "1-0"]
[WhiteElo "1862"]
[BlackElo "1844"]
[PlyCount "73"]
[EventDate "2012.09.16"]
[EventType "team-tourn"]
[EventRounds "11"]
[EventCountry "HUN"]
[SourceTitle "EXT 2014"]
[Source "ChessBase"]
[SourceDate "2013.11.20"]
[SourceVersion "1"]
[SourceVersionDate "2013.11.20"]
[SourceQuality "1"]
[WhiteTeam "Roszke II"]
[BlackTeam "Takisz"]
[WhiteTeamCountry "HUN"]
[BlackTeamCountry "HUN"]

1. d4 d5 2. c4 c6 3. Nc3 e6 4. Nf3 Nd7 5. Bf4 Ngf6 6. h3 b6 7. e3 Be7 8. Be2 Bb7 9. Qb3 dxc4 10. Bxc4 Nd5 11. Nxd5 cxd5 12. Bb5 0-0 13. Rc1 Rc8 14. 0-0 Nb8 15. Qd3 h6 16. Bxb8 Rxb8 17. Rc2 Bd6 18. Rfc1 Rc8 19. a3 Rxc2 20. Rxc2 Bb8 21. Ba4 f5 22. Ne1 f4 23. Re2 Qd6 24. Nf3 fxe3 25. Rxe3 Qf4 26. Bc2 Rf6 27. g3 Qf5 28. Qe2 Qxh3 29. Nh4 g5 30. Qh5 Bc6 31. Bg6 gxh4 32. Qxh6 Qg4 33. Qh7+ Kf8 34. Qh8+ Ke7 35. Qg7+ Kd6 36. Qxf6 Bc7 37. Qf8+ 1-0

[Event "HUN-chT2 Toth 1112"]
[Site "Hungary"]
[Date "2012.05.20"]
[Round "11.8"]
[White "Molnar, Jozsef"]
[Black "Retkes, Sandor"]
[Result "0-1"]
[WhiteElo "1756"]
[BlackElo "1887"]
[PlyCount "116"]
[EventDate "2011.09.25"]
[EventType "team-tourn"]
[EventRounds "11"]
[EventCountry "HUN"]
[SourceTitle "EXT 2013"]
[Source "ChessBase"]
[SourceDate "2012.11.22"]
[SourceVersion "1"]
[SourceVersionDate "2012.11.22"]
[SourceQuality "1"]
[WhiteTeam "Abony"]
[BlackTeam "Roszke II"]
[WhiteTeamCountry "HUN"]
[BlackTeamCountry "HUN"]

1. e4 c5 2. Nf3 d6 3. d4 cxd4 4. Nxd4 Nf6 5. Nc3 g6 6. Bc4 Bg7 7. f3 0-0 8. Be3 Bd7 9. Qd2 Nc6 10. 0-0-0 Rc8 11. Bb3 Na5 12. g4 Nc4 13. Bxc4 Rxc4 14. h4 a5 15. h5 a4 16. a3 b5 17. Bh6 Rxd4 18. Qe3 Rxd1+ 19. Nxd1 Qc7 20. Bxg7 Kxg7 21. hxg6 fxg6 22. Nc3 Rc8 23. Rh2 d5 24. Qh6+ Kf7 25. Nxd5 Qg3 26. Rd2 Qg1+ 27. Rd1 Qc5 28. Nb4 Be8 29. Re1 Qf2 30. Rh1 g5 31. Qxg5 Qxf3 32. Qh6 Bc6 33. Nxc6 Rxc6 34. Re1 Qf2 35. Qd2 Qxd2+ 36. Kxd2 Nxg4 37. Rf1+ Rf6 38. Rg1 h5 39. Kc3 Re6 40. Kb4 Re5 41. c4 bxc4 42. Kxa4 Rxe4 43. Kb4 Ne5 44. a4 c3+ 45. Kxc3 Rxa4 46. Rg5 Ke6 47. Rxh5 Rc4+ 48. Kb3 Rc8 49. Rh4 Kd5 50. Rh7 e6 51. Ra7 Nc6 52. Rd7+ Ke4 53. Ka4 Nd4 54. Ra7 Nc6 55. Ra6 Kd5 56. b4 Rb8 57. b5 Nd4 58. b6 Kc5 0-1

[Event "HUN-chT2 Toth 1112"]
[Site "Hungary"]
[Date "2012.04.22"]
[Round "9.10"]
[White "Szabo, Csanad"]
[Black "Retkes, Sandor"]
[Result "1-0"]
[WhiteElo "1891"]
[BlackElo "1887"]
[PlyCount "69"]
[EventDate "2011.09.25"]
[EventType "team-tourn"]
[EventRounds "11"]
[EventCountry "HUN"]
[SourceTitle "EXT 2013"]
[Source "ChessBase"]
[SourceDate "2012.11.22"]
[SourceVersion "1"]
[SourceVersionDate "2012.11.22"]
[SourceQuality "1"]
[WhiteTeam "Mako"]
[BlackTeam "Roszke II"]
[WhiteTeamCountry "HUN"]
[BlackTeamCountry "HUN"]

1. d4 c5 2. d5 d6 3. e4 Nf6 4. Nc3 g6 5. Nf3 Bg7 6. h3 a6 7. a4 0-0 8. Bd3 Ne8 9. 0-0 Nd7 10. Bg5 f6 11. Be3 Qc7 12. Nd2 Ne5 13. f4 Nxd3 14. cxd3 f5 15. Nc4 Rb8 16. a5 Bd7 17. Qb3 Kh8 18. Kh1 Bf6 19. e5 Bg7 20. Rac1 Qd8 21. d4 cxd4 22. Bxd4 Bb5 23. Bb6 Bxc4 24. Qxc4 Qc8 25. Qa4 Ra8 26. Ne2 Qb8 27. Qd7 dxe5 28. Qxe7 e4 29. Nd4 Rg8 30. Ne6 Nf6 31. Nxg7 Nxd5 32. Qe5 Nxb6 33. Qc5 Nd7 34. Qd4 Ne5 35. fxe5 1-0

[Event "HUN-chT2 Toth 1112"]
[Site "Hungary"]
[Date "2011.09.25"]
[Round "1.8"]
[White "Olah, Bela Janos"]
[Black "Retkes, Sandor"]
[Result "1/2-1/2"]
[WhiteElo "1898"]
[BlackElo "1887"]
[PlyCount "192"]
[EventDate "2011.09.25"]
[EventType "team-tourn"]
[EventRounds "11"]
[EventCountry "HUN"]
[SourceTitle "EXT 2013"]
[Source "ChessBase"]
[SourceDate "2012.11.22"]
[SourceVersion "1"]
[SourceVersionDate "2012.11.22"]
[SourceQuality "1"]
[WhiteTeam "Bekes"]
[BlackTeam "Roszke II"]
[WhiteTeamCountry "HUN"]
[BlackTeamCountry "HUN"]

1. d4 Nf6 2. Nf3 c5 3. c3 cxd4 4. cxd4 g6 5. Nc3 Bg7 6. e3 0-0 7. Bd3 d6 8. h3 Nc6 9. 0-0 Nb4 10. Bb1 a5 11. a3 Nc6 12. Qb3 b6 13. d5 Nb8 14. Nd4 Bb7 15. Rd1 a4 16. Qb5 Ra5 17. Qc4 Nxd5 18. Nxa4 Bxd4 19. Qxd4 Nc6 20. Qh4 Ne5 21. Bd2 Ra8 22. Nc3 Nf6 23. Ne4 Nxe4 24. Bxe4 Ra4 25. Bb4 Qd7 26. Rac1 Rc8 27. Bxb7 Rxc1 28. Rxc1 Qxb7 29. Qd4 b5 30. Qc3 Ra8 31. Qc7 Rb8 32. Qc3 f6 33. Qb3+ Kg7 34. Qe6 Nc4 35. b3 Ne5 36. Ba5 Nc6 37. Bd2 Rc8 38. Qe4 Rc7 39. Bc3 Qb6 40. Bb2 Kf8 41. Qh4 Kg7 42. Qe4 Qa6 43. g4 Qc8 44. Rxc6 Rxc6 45. Qxe7+ Kg8 46. Qxf6 Rc1+ 47. Kh2 Rc7 48. Qh8+ Kf7 49. Qxh7+ Ke6 50. Qxg6+ Kd5 51. Qf5+ Qxf5 52. gxf5 Ke4 53. Kg3 Kxf5 54. a4 Ra7 55. axb5 Rb7 56. Ba3 d5 57. Bc5 Rxb5 58. b4 Rb8 59. Kf3 Rh8 60. Ke2 Rxh3 61. Kd3 Rf3 62. Kd4 Ke6 63. e4 Rxf2 64. exd5+ Kd7 65. Kc4 Rd2 66. Be3 Rd1 67. Bf4 Rh1 68. Kc5 Rf1 69. Be5 Re1 70. Bc3 Rc1 71. Kc4 Kd6 72. b5 Kc7 73. Kd3 Rb1 74. Kc4 Rc1 75. Kb3 Kb6 76. Kb4 Rb1+ 77. Kc4 Rxb5 78. Bd4+ Ka6 79. Bc5 Rb1 80. d6 Kb7 81. Kd5 Rd1+ 82. Bd4 Kc8 83. Kc5 Kd7 84. Kd5 Kc8 85. Kc5 Kd7 86. Kd5 Rh1 87. Be5 Rd1+ 88. Kc5 Ke6 89. Bg3 Rc1+ 90. Kd4 Ra1 91. Kc5 Ra3 92. Bh2 Ra2 93. Bg3 Rc2+ 94. Kd4 Rc6 95. Bh2 Rxd6+ 96. Bxd6 Kxd6 1/2-1/2

[Event "HUN-chT2 Toth 1011"]
[Site "Hungary"]
[Date "2011.05.15"]
[Round "11.11"]
[White "Retkes, Sandor"]
[Black "Vertes, Imre"]
[Result "1-0"]
[WhiteElo "1775"]
[BlackElo "1561"]
[PlyCount "120"]
[EventDate "2010.09.12"]
[EventType "team-tourn"]
[EventRounds "11"]
[EventCountry "HUN"]
[SourceTitle "EXT 2012"]
[Source "ChessBase"]
[SourceDate "2011.11.24"]
[SourceVersion "1"]
[SourceVersionDate "2011.11.24"]
[SourceQuality "1"]
[WhiteTeam "Roszke"]
[BlackTeam "Bekes"]
[WhiteTeamCountry "HUN"]
[BlackTeamCountry "HUN"]

1. d4 Nf6 2. c4 g6 3. Nc3 Bg7 4. Nf3 d6 5. h3 Nbd7 6. e4 0-0 7. Bg5 Qe8 8. Qd2 e5 9. d5 Nc5 10. Bd3 a5 11. Bc2 Bd7 12. 0-0 Qc8 13. Kh2 h5 14. Be3 b6 15. Ng1 Nh7 16. f4 f5 17. Nf3 exf4 18. Bxf4 fxe4 19. Nxe4 Nxe4 20. Bxe4 Bf5 21. Bxf5 Qxf5 22. Nd4 Bxd4 23. Qxd4 Qd7 24. Bh6 Rf7 25. Qd3 Rf5 26. Rae1 Qf7 27. Rxf5 Qxf5 28. Qc3 Qf7 29. Re6 Nf8 30. Bxf8 Rxf8 31. Qe3 Qg7 32. Re7 Rf7 33. Qe6 a4 34. Rxc7 Qe5+ 35. Qxe5 dxe5 36. Rxf7 Kxf7 37. Kg3 Ke7 38. Kf3 Kd6 39. b4 axb3 40. axb3 Kc5 41. Ke4 Kd6 42. b4 g5 43. g3 h4 44. g4 Kd7 45. Kxe5 Ke7 46. c5 bxc5 47. bxc5 Kd7 48. Kf5 Kc7 49. Ke6 Kd8 50. c6 Kc8 51. Ke7 Kc7 52. d6+ Kxc6 53. d7 Kb7 54. Kd6 Ka6 55. d8R Kb7 56. Re8 Kb6 57. Rb8+ Ka5 58. Kc6 Ka4 59. Kc5 Ka3 60. Kc4 Ka4 1-0

[Event "HUN-chT2 Toth 0910"]
[Site "Hungary"]
[Date "2010.03.21"]
[Round "8.10"]
[White "Retkes, Sandor"]
[Black "Nemeth, Tibor"]
[Result "1-0"]
[WhiteElo "1844"]
[BlackElo "1930"]
[PlyCount "65"]
[EventDate "2009.11.08"]
[EventType "team-tourn"]
[EventRounds "11"]
[EventCountry "HUN"]
[SourceTitle "EXT 2011"]
[Source "ChessBase"]
[SourceDate "2010.11.26"]
[SourceVersion "1"]
[SourceVersionDate "2010.11.26"]
[SourceQuality "1"]
[WhiteTeam "Roszke"]
[BlackTeam "Takisz"]
[WhiteTeamCountry "HUN"]
[BlackTeamCountry "HUN"]

1. d4 d5 2. c4 e6 3. Nc3 g6 4. Nf3 Bg7 5. Bg5 Nf6 6. e3 0-0 7. Rc1 c6 8. c5 Nbd7 9. Bd3 Re8 10. Ne5 Qc7 11. Bf4 Nh5 12. Nxg6 Nxf4 13. Nxf4 f5 14. g4 Nf6 15. gxf5 exf5 16. Rg1 Ng4 17. h3 Nxe3 18. fxe3 Qxf4 19. Kd2 Qxe3+ 20. Kc2 Qxd4 21. Qh5 Rf8 22. Rg2 Bd7 23. Rcg1 Rf7 24. h4 Raf8 25. Qg5 Kh8 26. h5 Qf6 27. Qg3 Qh6 28. Ne2 Rg8 29. Nf4 Rf6 30. Ng6+ hxg6 31. hxg6 Qxg6 32. Rh2+ Bh6 33. Rxh6+ 1-0